000 00791nam a2200193Ii 4500
003 JO-AjNU
008 230606s9999||||xx |||||||||||||| ||und||
040 _aJO-AjNU
_beng
_erda
_cJO-AjNU
041 _aeng
050 1 4 _aPE1128 2016
100 3 _aPreparation Ananbeh, Alla sabaa Amayreh, Rawan AL-Mohammad ؛ supervisor Mahmoud AL-Sobh, Co Supervisor Abeer AL-Ghazo,
_eauthor
_95798
245 0 0 _aChallenges Encountered Among Ajloun Aational University Students when using the English Perpositions
264 3 1 _aAjIoun: AjIoun National University, 2016
300 _a40p
_b Graduation project, AjIoun National University, 2016
336 _atext
_btxt
_2rdacontent
337 _aunmediated
_bn
_2rdamedia
338 _avolume
_bnc
_2rdacarrier
650 4 _aLanguage - Literature
_95799
999 _aE3007
_c3005
_d3005